Law of international trade in practice / (Record no. 168)

MARC details
000 -LEADER
fixed length control field 01103cas a2200337 a 4500
001 - CONTROL NUMBER
control field 13381227
005 - DATE AND TIME OF LATEST TRANSACTION
control field 20151117121905.0
008 - FIXED-LENGTH DATA ELEMENTS--GENERAL INFORMATION
fixed length control field 990208u1998uuuuenkar 0 a0eng d
010 ## - LIBRARY OF CONGRESS CONTROL NUMBER
LC control number 2004204764
Canceled/invalid LC control number 00273014
015 ## - NATIONAL BIBLIOGRAPHY NUMBER
National bibliography number GB99-14265
020 ## - INTERNATIONAL STANDARD BOOK NUMBER
International Standard Book Number 184174008x
035 ## - SYSTEM CONTROL NUMBER
System control number (OCoLC)ocm41902189
040 ## - CATALOGING SOURCE
Original cataloging agency NIC
Transcribing agency NIC
Modifying agency DLC
042 ## - AUTHENTICATION CODE
Authentication code lc
050 00 - LIBRARY OF CONGRESS CALL NUMBER
Classification number KD1650.Z9
Item number L39
082 04 - DEWEY DECIMAL CLASSIFICATION NUMBER
Edition number 21
Classification number 346.072
Item number LAW
245 00 - TITLE STATEMENT
Title Law of international trade in practice /
Statement of responsibility, etc Inns of Court School of Law.
260 ## - PUBLICATION, DISTRIBUTION, ETC. (IMPRINT)
Place of publication, distribution, etc London :
Name of publisher, distributor, etc Blackstone,
Date of publication, distribution, etc 1998-
300 ## - PHYSICAL DESCRIPTION
Extent xxiii. : 237p
Other physical details ill., forms ;
Dimensions 30 cm.
362 0# - DATES OF PUBLICATION AND/OR SEQUENTIAL DESIGNATION
Dates of publication and/or sequential designation 1998-
500 ## - GENERAL NOTE
General note Latest issue consulted: 1999.
650 #0 - SUBJECT ADDED ENTRY--TOPICAL TERM
Topical term or geographic name as entry element Export sales contracts
Geographic subdivision Great Britain.
9 (RLIN) 480
650 #0 - SUBJECT ADDED ENTRY--TOPICAL TERM
Topical term or geographic name as entry element Contracts, Maritime
Geographic subdivision Great Britain.
9 (RLIN) 481
710 2# - ADDED ENTRY--CORPORATE NAME
Corporate name or jurisdiction name as entry element Inns of Court School of Law.
9 (RLIN) 482
906 ## - LOCAL DATA ELEMENT F, LDF (RLIN)
a 7
b cbc
c serials
d 2
e ncip
f 20
g ilsserca
942 ## - ADDED ENTRY ELEMENTS (KOHA)
Source of classification or shelving scheme Dewey Decimal Classification
Item type Books
Holdings
Withdrawn status Lost status Source of classification or shelving scheme Damaged status Not for loan Home library Current library Shelving location Date acquired Total Checkouts Barcode Date last seen Copy number Price effective from Koha item type
    Dewey Decimal Classification     Law Development Centre Main Library Law Development Centre Main Library Text Books and Laws 04/09/2011   012/2001 04/09/2011 346.072 LAW 04/09/2011 Books